000 00469nam a22001577a 4500
999 _c524153
_d524153
003 NUST
038 _aFaiza
082 _a891.4396
_bZAI
100 _aZaidi, Syed Sikandar Abbas
_914977
245 _aMaqtubaat e Maulana Rome /
_cSyed Sikandar Abbas Zaidi
260 _aIslamabad :
_bPoorab Academy,
_c2017.
300 _a356 p. ;
880 _6100-02\r
_aسید سکندرعباس زیدی
880 _6245-02\r
_aمکتوبات مولانا روم
942 _2ddc
_cBK